000 01199cam a22003377a 4500
003 CHAP
005 20220817041428.0
008 971013s1985 mx r 00010 spa d
010 _a14203
011 _a15175
035 _a19250
040 _cCHAP
082 1 0 _a333.0972
_bG68 1985
100 0 0 _aGonzález Navarro, Moisés.
_949224
245 1 3 _aLa Confederación Nacional Campesina en la Reforma Agraria
_c/ por Moisés González Navarro
250 _a3 ed.
260 _aMéxico, D.F. :
_bSociedad Cooperativa Publicaciones Mexicanas,
_c1985
300 _a253 p.
590 _aBATCH-UPD
_b10
_c20130110
_lUCH01
_h0952
590 _aBATCH-UPD
_b10
_c20130410
_lUCH01
_h0606
590 _aBATCH-UPD
_b10
_c20130914
_lUCH01
_h0826
590 _aCONVERSION
_b10
_c20130109
_lUCH01
_h1309
650 1 4 _aAgricultura
_xSociedades.
_91797
650 1 4 _aCampesinado
_zMéxico.
650 1 4 _aReforma agraria
_zMéxico.
_995596
650 1 4 _aTierras
_xTenencia
_zMéxico.
_9113215
901 _aBK
942 _cLIBRO
949 _a333.0972 G68 1985
_bBC
_cLIBRO
_d33724000324703
_eLIBRO
_gI.c/e
_h75396
_i19250
_si
949 _a333.0972 G68 1985
_bBC
_cLIBRO
_d33724002242801
_eLIBRO
_fc.2
_gDonaciØn
_h115242
_i19250
_sb
999 _c14203
_d14203